| 000 | 00772nam a2200217 a 4500 | ||
|---|---|---|---|
| 001 | 48236 | ||
| 003 | BD-RjUL | ||
| 005 | 20211209054502.0 | ||
| 008 | 160813s1979 bg ||||| |||| 00| 0 ben d | ||
| 035 | _a(BD-RjUL)48355 | ||
| 040 |
_aBD-RjUL _bben _cBD-RjUL |
||
| 041 | _aben | ||
| 082 |
_223 _a792 _bBAN 1979 |
||
| 110 | 1 |
_aবাংলাদেশ শিল্পকলা একাডেমী. _9130141 |
|
| 245 | 0 | 0 | _aজাতীয় যাত্রা উৎসব (১৯৭৮-১৯৭৯) / |
| 260 |
_aঢাকা : _bবাংলা একাডেমী, _c১৯৭৯ |
||
| 300 |
_aবিভিন্ন রকম পৃ. : _bচিত্র ; _c২২ সেমি. |
||
| 650 |
_aনাটক _9146094 |
||
| 650 |
_aDrama _9146095 |
||
| 942 |
_2ddc _cBK |
||
| 999 |
_c48236 _d48236 |
||